Európára hivatkozunk

Elmentve itt :
Bibliográfiai részletek
Szerző: IORGULESCU Mircea
Adatforrás:Meister
Forrásdokumentuma:A Hét. -
9 sz., 1998, 4 p.
Nyelv:magyar
Kulcsszavak:politikai publicisztika
politikai intézmények
kereszténydemokrácia
LEADER 00402nab a2200145 i 4500
001 bibPRO00007379
008 060524s1998 xx hun
040 |a Sz1 
041 |a hun 
100 1 |a IORGULESCU Mircea 
245 1 0 |a Európára hivatkozunk  |c IORGULESCU Mircea 
695 |a politikai publicisztika 
695 |a politikai intézmények 
695 |a kereszténydemokrácia 
773 0 |t A Hét. -  |g 9 sz., 1998, 4 p.